[Event "Baltic Zonal 2018"]
[Site "Tallinn"]
[Date "2018.05.15"]
[Round "3"]
[White "Kalvaitis, Sigitas"]
[Black "Tokranovs, Dmitrijs"]
[Result "0-1"]
[WhiteElo "2194"]
[BlackElo "2337"]
[Annotator "TA"]
[PlyCount "86"]
[EventDate "2018.??.??"]
[EventType "swiss"]
[EventCountry "EST"]
[SourceTitle "playchess.com"]
[Source "ChessBase"]
[SourceQuality "1"]

{[%evp 18,86,66,69,72,0,0,0,0,0,0,-50,-52,-33,-35,-89,-86,-89,-79,-138,-129,-150,-132,-138,-93,-227,-227,-238,-222,-248,-241,-284,-291,-920,-847,-814,-357,-361,-361,-354,-354,-354,-354,-354,-354,-345,-345,-317,-331,-318,-298,-583,-533,-508,-582,-593,-555,-531,-504,-858,-796,-680,-622,-662,-383,-12824,-12769,-5689,-5625,-5485,-5505]} 1. e4 c5 2. Nf3 e6 3. c3 Nf6 4. e5 Nd5 5. d4 cxd4 6. cxd4 Nc6 7. a3 d6 8. Bd3 Qa5+ 9. Bd2 {B22: Sicilian: 2 c3} (9. Ke2 Qc7 10. exd6 Bxd6 11. Nc3 Nxc3+ 12. bxc3 e5 13. dxe5 Nxe5 14. Bb5+ Bd7 15. Bxd7+ Nxd7 16. Re1 O-O {0-1 (69) Kalvaitis,S (2290)-Neiksans,A (2481) Palanga 2010}) 9... Qb6 10. Nc3 {LiveBook: 5 Games} Nxd4 11. Nxd4 (11. Qa4+ $16 Nc6 12. Nxd5 exd5 13. O-O) 11... Qxd4 $11 12. Bb5+ $1 Bd7 13. Bxd7+ Kxd7 14. O-O Nxc3 $1 15. bxc3 $146 ({Predecessor:} 15. Bxc3 Qxd1 16. Raxd1 {0-1 (33) Nakamura,A-Buehl,W Concord 1995}) 15... Qxe5 16. c4 ({White should try} 16. Rb1 $1 $15 Qd5 17. Qa4+ Ke7 18. Rfd1) 16... Qe4 $17 17. Rb1 Qc6 18. Qb3 ({Better is} 18. a4) 18... b6 19. Rfd1 Be7 20. Qg3 Rhd8 ({Don't do} 20... Qxc4 21. Bb4 $15) 21. Rb3 (21. Bb4 $17) 21... Qxc4 $19 22. Bb4 Rac8 23. Rc3 Qe2 {[%cal Re2d1] [#]} 24. Rcd3 {[%cal Rd3d6]} Ke8 25. Bxd6 $2 (25. Re1 Qc2 26. Rd2) 25... Rc6 26. h3 {[#]} Rcxd6 (26... Rc3 $142 $1 {[%mdl 512]} 27. Qg4 (27. Rxc3 Qxd1+) 27... Qxg4 28. hxg4 Rxd3 29. Rxd3 Rxd6) 27. Rxd6 Rxd6 ({Resist} 27... Bxd6 28. Rxd6 Rxd6 29. Qxd6 $19) 28. Rxd6 Bxd6 29. Qxd6 {[%mdl 4096] Endgame intending Qb8+. KQ-KQ} Qe1+ 30. Kh2 Qxf2 31. Qb8+ Ke7 32. Qxa7+ Kf6 33. Qc7 Kg6 34. a4 $2 (34. Qe5) 34... h6 35. Qd6 Kh7 36. Qc7 g6 {[%cal Bg7g6,Bg6g5][%mdl 32]} 37. Kh1 g5 38. Qc6 (38. g3 $142 Kg6 39. Qb8) 38... Kg7 39. Qc3+ Qf6 40. Qc6 e5 41. Qd5 $2 (41. Qc2) 41... Qf1+ {Black is clearly winning.} 42. Kh2 Qf4+ 43. Kh1 Qd4 {Precision: White = 15%, Black = 77%.} 0-1

[Event "Baltic Zonal 2018"]
[Site "Tallinn"]
[Date "2018.05.15"]
[Round "3"]
[White "Vicas, Marijus"]
[Black "Sarakauskas, Gediminas"]
[Result "0-1"]
[WhiteElo "2190"]
[BlackElo "2424"]
[Annotator "TA"]
[PlyCount "116"]
[EventDate "2018.??.??"]
[EventType "swiss"]
[EventCountry "EST"]
[SourceTitle "playchess.com"]
[Source "ChessBase"]
[SourceQuality "1"]

{[%evp 21,116,0,25,13,34,0,26,-7,-4,-20,-16,-8,2,-84,30,-1,0,-16,0,-120,-119,-269,-266,-262,-266,-276,-277,-267,-253,-308,-308,-300,-283,-285,-291,-317,-295,-288,-272,-390,-379,-402,-303,-475,-296,-265,-192,-190,-190,-190,-190,-183,-167,-164,-164,-152,-8,-8,-8,-8,-8,-8,-8,-103,-103,-103,-103,-103,-176,-183,-103,-183,-183,-183,-183,-183,-183,-29962,-183,-29967,-29968,-29968,-29969,-29969,-29970,-29970,-29969,-29971,-29972,-29971,-29972,-29971,-29972,-29983,-29983,-29983,-29982]} 1. e4 c5 2. Nf3 e6 3. d4 cxd4 4. Nxd4 a6 5. Bd3 Bc5 6. Nb3 Be7 7. O-O Qc7 8. f4 d6 9. Nc3 Nf6 10. Qf3 Nbd7 {B43: Sicilian: Kan Variation: 5 Nc3} 11. Be3 (11. a4 O-O 12. Bd2 b6 13. Rae1 Bb7 14. Qh3 Rad8 15. g4 Nc5 16. g5 Nfd7 17. Nd4 d5 18. e5 {0-1 (41) Kovalev,V (2546)-Svidler,P (2727) Berlin 2015}) 11... b6 {LiveBook: 8 Games} 12. Rad1 Bb7 {The position is equal.} 13. Qg3 g6 14. e5 $146 ({Predecessor:} 14. Rd2 h5 15. e5 h4 {0-1 (31) Csonka,A (2330)-Sikula,V (2423) Hungary 2002}) 14... Nh5 15. Qf2 dxe5 16. fxe5 O-O 17. Nd2 (17. Be2 $11) 17... Bc5 (17... b5 $17 18. Be2 Nxe5) 18. Nc4 Nxe5 {[%cal Bd7e5,Be5g4,Bg4e3][%mdl 32]} 19. Bxc5 bxc5 20. Nd6 (20. Nxe5 $1 $11 Qxe5 21. Be2) 20... Ng4 $40 {[%mdl 128] Black goes for the king.} 21. Qh4 (21. Qe2 $17 {is the only way for White.} Rad8 22. Qxg4 Rxd6 23. Qe2) 21... Ne3 $19 ({Not} 21... Qxd6 22. Qxg4 Qb6 23. Qc4 $17) 22. Nxb7 Qxb7 {[%csl Ge3][%cal Rb7g2]} (22... Nxd1 23. Nxd1 Qxb7 24. Be4 $17) 23. Be4 Qxb2 24. Bxa8 Nxf1 ({Weaker is} 24... Qxc3 25. Rd3 $14) 25. Na4 Qxc2 26. Rxf1 Rxa8 27. Nb6 Re8 28. Nd7 Qd2 29. Nxc5 Qxa2 30. Qb4 (30. Qf2 $142 Qxf2+ 31. Kxf2) 30... Qd5 31. g4 Rc8 32. Ne4 (32. Nxe6 $142 Qxe6 33. gxh5) 32... f5 33. gxh5 {And now Nf6+ would win.} Qxe4 34. Qxe4 fxe4 35. hxg6 hxg6 {[%mdl 4096] Endgame KR-KR} 36. Rf6 Rc6 37. Rxg6+ Kf7 38. Rg5 Kf6 (38... Rc1+ $17 39. Kf2 Ra1) 39. Ra5 $1 $11 e5 {With the idea ...Kf5.} 40. Kf2 Kf5 {Strongly threatening ...Kf4.} 41. Ke3 $1 Rc3+ 42. Ke2 (42. Kd2 $1 $11 {remains equal.} Rc6 43. Ra1) 42... Kf4 $1 $17 {White must now prevent ...Rc2+.} 43. Rxa6 Rc2+ 44. Kd1 Rxh2 (44... Rg2 $17 45. Ra3 Rf2) 45. Ra3 Rf2 (45... Kf5 $19 46. Rc3 Kg4) 46. Ke1 (46. Rh3 $17) 46... Rf3 $19 47. Ra8 {[#]} Rh3 $1 {aiming for ...Kf3.} 48. Kf2 Rh2+ 49. Kg1 $2 (49. Kf1 $19) 49... Rb2 $2 (49... Rc2 {mates} 50. Kf1 Kf3 51. Ke1 Rb2 52. Rf8+ Ke3 53. Kf1 Rb1+ 54. Kg2 Rc1 55. Rf7 Ke2 56. Rd7 e3 57. Rd5 Ra1 58. Rd7 e4 59. Rd5 Rd1 60. Rg5 Kd2 61. Rd5+ Ke1 62. Re5 Rd4 63. Ra5 e2 64. Ra1+ Kd2 65. Kg3 e1=Q+ 66. Rxe1 Kxe1 67. Kf4 Kd2 68. Ke5 Kd3 69. Kf6 e3 70. Kf5 e2 71. Kg5 e1=Q 72. Kf5 Qe7 73. Kg6 Rg4+ 74. Kf5 Rg7 75. Kf4 Qf6#) 50. Kf1 $2 {[#]} (50. Rh8 $19) 50... Kf3 $1 {[%cal Rb2b1] Black mates.} 51. Rf8+ Ke3 52. Ra8 Rb1+ 53. Kg2 Rc1 54. Rb8 Kd3 55. Rb3+ Kd2 56. Rb5 e3 {[%cal Be4e3,Be3e2][%mdl 32]} 57. Rxe5 e2 58. Rd5+ Kc2 {Precision: White = 27%, Black = 56%.} 0-1

[Event "Baltic Zonal 2018"]
[Site "Tallinn"]
[Date "2018.05.15"]
[Round "3"]
[White "Haavamae, Henrik"]
[Black "Berzina, Ilze"]
[Result "1-0"]
[WhiteElo "2098"]
[BlackElo "2176"]
[Annotator "TA"]
[PlyCount "89"]
[EventDate "2018.??.??"]
[EventType "swiss"]
[EventCountry "EST"]
[SourceTitle "playchess.com"]
[Source "ChessBase"]
[SourceQuality "1"]

{[%evp 18,89,47,11,20,27,27,26,24,38,23,-6,-9,-9,-7,-20,0,0,0,-15,-16,-29,31,3,19,13,22,0,0,-10,83,0,49,-6,0,-79,0,0,0,0,0,0,0,0,0,0,0,0,0,0,20,0,0,0,96,47,78,12,72,0,45,51,84,84,110,121,538,156,1150,1144,1241,905,29990,29991]} 1. e4 {[%cal Be2e4,Be4e5][%mdl 32]} c6 2. d4 d5 3. e5 c5 4. dxc5 Nc6 5. Nf3 Bg4 6. c3 {B12: Caro-Kann: Advance Variation} Bxf3 7. Qxf3 Nxe5 8. Bb5+ Nc6 9. O-O e6 10. b4 {LiveBook: 14 Games} Be7 11. Bf4 Bf6 12. Nd2 Nge7 13. Rad1 $146 ({Predecessor:} 13. Bd6 Nf5 {0-1 (38) Klauser,M (2386)-Alekseev,E (2698) Zuerich 2013}) 13... O-O 14. Bd6 a5 15. a3 axb4 16. axb4 Ra3 17. Nb1 Ra2 18. Nd2 Re8 19. Bd3 Ng6 (19... Bxc3 $11 20. Bxh7+ Kxh7 21. Qxc3 Nf5) 20. Qh3 $14 Be7 21. Bxe7 Qxe7 22. Nf3 Qf6 23. Nd4 e5 {[#]} (23... Nxd4 $11 24. cxd4 Rea8) 24. Bb1 (24. Bxg6 $1 $16 fxg6 25. Qd7) 24... Rb2 25. Nb5 (25. Bxg6 $14 fxg6 26. Nb5) 25... e4 $1 $11 {And now ...Nf4 would win.} 26. g3 (26. Rxd5 $11 {remains equal.} Nf4 27. Qf5) 26... Nge5 (26... Qf3 $17 27. Qg2 Qh5) 27. Nc7 Nf3+ 28. Kh1 Rd8 {Hoping for ...Nd2.} 29. Nxd5 Qe5 30. Ne3 Nd2 31. Rxd2 Rbxd2 32. Nc4 $1 $36 {[%csl LRd2,LRe5][%mdl 2048] White is pushing.} Qxc3 33. Nxd2 Qxd2 34. Bxe4 g6 35. b5 Nd4 (35... Qb4 $11) 36. Bxb7 {Black must now prevent b6.} Nxb5 {[#]} 37. Qg2 ({Better is} 37. Qh4 $1 $16) 37... Qc2 (37... Qe2 $11 {keeps the balance.}) 38. c6 (38. Qc6 $16 Nd4 39. Qf6) 38... Nc7 39. Qf3 Qc4 {[%cal Rc4f1]} 40. Rd1 Re8 41. Kg2 {aiming for Rd7.} h5 $2 {[%mdl 8192]} (41... Re5 $16 42. Rd8+ Kg7) 42. Qf4 $2 (42. Rd7 $18) 42... Qb3 $2 (42... Qxf4 $16 43. gxf4 Kf8) 43. Rd7 $18 Nb5 44. c7 Na7 45. Bd5 {Precision: White = 36%, Black = 31%.} 1-0

[Event "Baltic Zonal 2018"]
[Site "Tallinn"]
[Date "2018.05.16"]
[Round "4"]
[White "Kulaots, Kaido"]
[Black "Stremavicius, Titas"]
[Result "1-0"]
[WhiteElo "2590"]
[BlackElo "2451"]
[Annotator "TA"]
[PlyCount "71"]
[EventDate "2018.??.??"]
[EventType "swiss"]
[EventCountry "EST"]
[SourceTitle "playchess.com"]
[Source "ChessBase"]
[SourceQuality "1"]

{[%evp 18,71,35,30,33,45,94,81,84,83,96,82,89,97,95,112,101,99,187,177,157,163,154,147,181,157,169,180,190,187,182,179,156,153,155,148,163,155,154,166,154,133,162,165,254,252,250,252,252,241,234,246,946,929,29987,29988]} 1. e4 d6 2. d4 Nf6 3. Nc3 g6 4. Be3 c6 5. Qd2 Nbd7 6. Nf3 Bg7 7. Bd3 b5 8. O-O O-O 9. h3 {[%cal Bh2h3,Bh3h4,Bh4h5,Bh5h6][%mdl 32]} Bb7 {B08: Pirc Defence: Classical System} (9... e5 10. dxe5 dxe5 11. a4 b4 12. Ne2 a5 13. Ng3 Qe7 14. c3 Nc5 15. Bxc5 Qxc5 16. cxb4 axb4 17. Rac1 Qd6 18. b3 Rd8 {1-0 (29) Dominguez Perez,L (2739)-So,W (2788) Saint Louis 2017}) 10. e5 {LiveBook: 13 Games} dxe5 11. dxe5 Nd5 $146 {White is slightly better.} ({Predecessor:} 11... b4 12. Ne2 Nd5 13. Bh6 Nc5 14. Ng3 Nxd3 15. cxd3 Nc7 16. Bxg7 Kxg7 17. Qxb4 {1-0 (36) De Vreugt,D (2498)-Nijboer,F (2540) Rotterdam 2000}) 12. Nxd5 cxd5 {[#]} 13. Bd4 $1 ({But not} 13. Bxb5 Nxe5 14. Nxe5 Bxe5 $11) 13... a6 14. h4 Qc7 {[%cal Rd7e5]} 15. Qe3 f6 {[%cal Rf6e5]} 16. exf6 exf6 17. Rae1 Rf7 {[#]} (17... Qc6 $16 18. h5 gxh5) 18. h5 $1 $18 {[%mdl 512]} Nf8 (18... gxh5 19. Qe6) 19. Nh4 {[%cal Rh5g6]} f5 {aiming for ...f4.} 20. Bxg7 Rxg7 21. h6 Rd7 22. Qg5 Qd8 23. Qg3 Kh8 24. Nf3 d4 25. Nxd4 Qf6 {...f4 is the strong threat.} 26. Nf3 Bxf3 27. Qxf3 Rad8 28. b3 Ne6 29. Qe3 Rd6 30. a4 Nd4 {[#]} (30... bxa4 $142 31. bxa4 Rc6) 31. Qe8+ $1 {[%mdl 512]} Qf8 (31... Rxe8 32. Rxe8+) 32. Qxf8+ Rxf8 33. axb5 axb5 34. Re7 Nxb3 $2 (34... g5 35. Ra1 b4) 35. cxb3 Rxd3 36. Ra1 {Precision: White = 93%, Black = 35%.} 1-0

[Event "Baltic Zonal 2018"]
[Site "Tallinn"]
[Date "2018.05.16"]
[Round "4"]
[White "Rozentalis, Eduardas"]
[Black "Meshkovs, Nikita"]
[Result "0-1"]
[WhiteElo "2523"]
[BlackElo "2510"]
[Annotator "TA"]
[PlyCount "82"]
[EventDate "2018.??.??"]
[EventType "swiss"]
[EventCountry "EST"]
[SourceTitle "playchess.com"]
[Source "ChessBase"]
[SourceQuality "1"]

{[%evp 9,82,61,91,92,94,79,70,64,94,52,62,55,57,23,16,27,29,47,49,38,73,69,91,84,88,94,81,74,74,29,80,0,0,0,63,0,0,6,14,0,22,0,0,-162,-170,-158,-162,-155,-161,-167,-170,-173,-179,-162,-166,-176,-166,-179,-176,-177,-182,-274,-266,-258,-264,-260,-241,-262,-248,-345,-324,-389,-365,-559,-554]} 1. e4 e5 2. Nf3 Qe7 3. Nc3 c6 4. d4 d6 5. a4 a5 {LiveBook: 6 Games} (5... Nf6 6. Be2 h6 7. h3 Qc7 8. Be3 Be7 9. O-O O-O 10. Re1 Re8 11. Bc4 Nbd7 12. Ba2 Nf8 13. Qd2 Be6 14. d5 Bd7 15. Rad1 c5 16. Nxe5 dxe5 17. d6 Bxd6 18. Qxd6 Qxd6 19. Rxd6 Be6 20. Bxc5 Bxa2 21. Nxa2 {0-1 (72) Sanal,V (2551)-Fedoseev,V (2718) Riadh 2017}) 6. Bc4 {C41: Philidor Defence} Bg4 7. dxe5 dxe5 8. h3 $146 {White is slightly better.} ({Predecessor:} 8. Qd3 Nd7 9. Ng5 Bh5 10. O-O h6 11. Nh3 g5 12. f3 Ngf6 13. Nf2 {0-1 (53) Cupal,M (2022)-Stanek,S (2011) Czechia 2012}) 8... Bh5 9. Bg5 Nf6 10. Qe2 h6 11. Bh4 g5 12. Bg3 Nbd7 13. O-O-O Bg7 14. h4 $36 {[%mdl 2048] White fights for an advantage.} g4 15. Nh2 O-O 16. f3 gxf3 17. gxf3 Bg6 18. Ng4 Nh5 19. Qh2 Rfd8 (19... Rad8 $11 {remains equal.}) 20. Rxd7 (20. Kb1 $16) 20... Rxd7 $11 21. Bxe5 Qc5 (21... Rad8 $11) 22. Bxg7 ({White should try} 22. Bb3 $1 $14) 22... Kxg7 23. Bd3 Qd6 $1 24. e5 Qd4 25. Be4 Rad8 $1 26. e6 $2 {[#]} (26. Kb1 $11) 26... Bxe4 $1 $19 {[%mdl 512]} 27. fxe4 (27. Nxe4 Qd1+) 27... fxe6 28. Kb1 Kh7 29. Ne5 Rg7 30. Rd1 Qb6 31. Nd3 Qc7 32. e5 Qf7 33. Qe2 Ng3 34. Qe3 Qh5 35. Qb6 (35. Re1 $142) 35... Qxh4 36. Qxa5 Rd4 37. Qb6 Ne4 38. Nxe4 (38. Qxd4 $2 {[#] is the wrong capture.} Nd2+ $1 {[%mdl 512]} 39. Rxd2 Qxd4 $19) 38... Qxe4 ({Much less strong is} 38... Rxe4 39. a5 $19) 39. a5 Qd5 40. Re1 Ra4 {...Qa2+ is the strong threat.} 41. b4 (41. b3 $142 Qxa5 42. Qxa5 Rxa5 43. Rf1) 41... Ra3 {Precision: White = 48%, Black = 85%.} 0-1

[Event "Baltic Zonal 2018"]
[Site "Tallinn"]
[Date "2018.05.16"]
[Round "4"]
[White "Ladva, Ottomar"]
[Black "Neiksans, Arturs"]
[Result "0-1"]
[WhiteElo "2517"]
[BlackElo "2573"]
[Annotator "TA"]
[PlyCount "90"]
[EventDate "2018.??.??"]
[EventType "swiss"]
[EventCountry "EST"]
[SourceTitle "playchess.com"]
[Source "ChessBase"]
[SourceQuality "1"]

{[%evp 19,90,42,58,0,0,0,0,-7,0,-7,0,-7,0,-17,0,-64,-22,-63,-28,-44,-38,-53,0,0,0,0,0,-20,-23,-12,-23,-18,-14,-39,0,-54,-43,-47,-54,-91,-87,-239,-224,-210,-216,-242,-262,-257,-248,-407,-409,-422,-422,-408,-366,-366,-364,-408,-427,-587,-581,-577,-565,-2076,-2000,-29982,-29981,-29980,-29981,-29981,-29981,-29984,-29984]} 1. Nf3 f5 2. g3 Nf6 3. Bg2 d6 4. d4 g6 5. O-O Bg7 6. c4 O-O 7. Nc3 c6 8. b3 Ne4 {A88: Dutch Defence: Leningrad System: 5 Nf3 0-0 6 0-0 d6 7 Nc3 c6} (8... Na6 9. Bb2 Qc7 10. d5 e5 11. dxe6 Bxe6 12. Nd4 Bd7 13. Qc2 f4 14. Rad1 fxg3 15. hxg3 Rae8 16. Nf3 Nc5 17. b4 Bf5 18. Qd2 Nce4 19. Nxe4 Nxe4 {½-½ (40) Romanov,E (2626)-Fedoseev,V (2718) St Petersburg 2017}) 9. Bb2 Nxc3 10. Bxc3 Nd7 {LiveBook: 3 Games. White is slightly better.} 11. Rc1 (11. Ng5 $14 Nf6 12. d5) 11... e5 $146 ({Predecessor:} 11... Nf6 12. e3 Ne4 13. Ba1 Qc7 14. Qc2 Bd7 15. Rfd1 Rae8 16. Nd2 Nxd2 17. Qxd2 {1-0 (42) Hargens,T (2285)-Krause,U (2340) Germany 1992}) 12. dxe5 dxe5 13. b4 e4 14. Nd4 Qe7 15. c5 Nf6 16. Qb3+ Kh8 17. f4 (17. e3 $11) 17... Bd7 18. e3 Be8 19. Bb2 Bf7 20. Qa3 {[#]} Bd5 (20... a5 $1 $15 {[%mdl 512]} 21. bxa5 Rg8) 21. Rfd1 a6 22. Nb3 Qf7 23. Na5 Bxa2 24. Nxb7 Qxb7 25. Qxa2 Nd5 26. Bxg7+ Kxg7 27. Qa1+ (27. Qb2+ $11 Kg8 28. Bf1) 27... Kh6 $15 28. g4 $1 {[%cal Rg4g5]} fxg4 (28... Nxe3 $2 29. g5+ Kh5 30. Qc3 $18) 29. Qd4 Rad8 $36 {[%mdl 2048] Strongly threatening ...Nxf4. Black is really pushing.} (29... Qxb4 $6 30. Bxe4 Qxd4 31. Rxd4 $11) 30. Qxe4 $2 ({But not} 30. Bxe4 $2 Nxf4 31. exf4 Rxd4 $19) (30. Qe5 $17) 30... Rde8 ({Weaker is} 30... Nxb4 31. Rxd8 Rxd8 32. f5 $14) ({Inferior is} 30... Qxb4 31. Qe5 $15) 31. Qd4 {[%cal Rg2d5]} Nxe3 32. Rd3 Nxg2 33. Kxg2 {[#]} Rd8 $1 {[%mdl 512]} 34. Qxd8 $2 (34. Qe3 Rxd3 35. Qxd3) 34... Rxd8 $19 35. Rxd8 Qxb4 {[%mdl 4096] Endgame KQ-KRR} 36. Rf1 Qxc5 37. h3 Qf5 38. Kg3 gxh3 39. Rh1 Kg7 40. Rxh3 h5 41. Rd4 c5 42. Ra4 Qg4+ {Black mates.} 43. Kh2 Qe2+ 44. Kg3 Qd3+ 45. Kh4 Qd7 {Precision: White = 41%, Black = 68%.} 0-1

[Event "Baltic Zonal 2018"]
[Site "Tallinn"]
[Date "2018.05.16"]
[Round "4"]
[White "Sulskis, Sarunas"]
[Black "Kovalenko, Igor"]
[Result "1/2-1/2"]
[WhiteElo "2503"]
[BlackElo "2626"]
[Annotator "TA"]
[PlyCount "94"]
[EventDate "2018.??.??"]
[EventType "swiss"]
[EventCountry "EST"]
[SourceTitle "playchess.com"]
[Source "ChessBase"]
[SourceQuality "1"]

{[%evp 16,94,24,31,58,51,69,52,145,116,191,106,158,156,143,157,141,151,111,98,93,40,44,56,52,6,22,27,28,22,42,22,62,70,66,70,69,10,6,0,0,0,0,-35,0,0,24,24,24,24,24,24,24,24,24,24,24,24,24,24,24,0,0,-17,-17,-17,-17,-17,-17,-17,0,0,0,0,0,0,0,0,0,0,0]} 1. e4 e6 2. d4 d5 3. Nc3 Bb4 4. e5 c5 5. Bd2 Ne7 6. Nb5 Bxd2+ 7. Qxd2 O-O 8. c3 Nd7 {C17: French: 3 Nc3 Bb4 4 e5 c5 sidelines} 9. f4 {LiveBook: 3 Games} f6 10. Nf3 Nc6 {White is slightly better.} 11. Be2 g5 $146 ({Black should try} 11... Rb8 $14) ({Predecessor:} 11... cxd4 12. cxd4 fxe5 13. fxe5 {1-0 (31) Tseshkovsky,V (2576)-Kuehn,P (2386) Biel 2006}) 12. g3 Kh8 (12... cxd4 $16 13. Nbxd4 (13. Nfxd4 Nc5 $11) 13... Nc5) 13. O-O (13. fxg5 $18 fxe5 {[#]} 14. g6 $1 {[%mdl 512]}) 13... g4 (13... gxf4 $142 14. gxf4 Qe7) 14. Nh4 $16 f5 15. Qe3 Qb6 16. Rfd1 a6 17. dxc5 Qxc5 18. Qxc5 ({Better is} 18. Nd4 $16) 18... Nxc5 $14 19. Nd6 b5 20. Rd2 Kg7 21. Ng2 Rd8 22. Ne3 h5 23. Bf1 (23. Rad1 {is interesting.} Ne7 24. h3 Rh8 25. Bf1 Na4 26. Rh2) 23... Nb7 24. Nxb7 Bxb7 25. Nc2 Kf7 26. Nd4 (26. a4 $14) 26... Nxd4 $11 27. Rxd4 Bc6 28. Kf2 Rh8 29. Bg2 Rac8 30. h4 Rc7 31. Bf1 a5 32. a3 Ke7 33. Ke3 Rb8 34. Be2 Rcb7 35. Bd3 Rb6 36. Kd2 Kd7 37. Be2 Kc7 38. b4 Ra8 {The position is equal.} 39. Kc2 Rba6 40. Kb2 Kb6 41. Bd1 R6a7 42. Bb3 axb4 43. cxb4 Bd7 44. Rdd1 Rc7 45. Rac1 Rca7 46. Ra1 Rc7 47. Rac1 $1 Rca7 {Precision: White = 66%, Black = 55%.} 1/2-1/2

[Event "Baltic Zonal 2018"]
[Site "Tallinn"]
[Date "2018.05.16"]
[Round "4"]
[White "Kanep, Meelis"]
[Black "Haavamae, Henrik"]
[Result "1-0"]
[WhiteElo "2452"]
[BlackElo "2098"]
[Annotator "TA"]
[PlyCount "57"]
[EventDate "2018.??.??"]
[EventType "swiss"]
[EventCountry "EST"]
[SourceTitle "playchess.com"]
[Source "ChessBase"]
[SourceQuality "1"]

{[%evp 12,57,21,18,42,18,35,39,36,18,34,35,39,-18,118,111,273,271,339,246,435,428,450,486,452,245,233,237,256,233,261,178,196,120,250,255,257,272,527,517,517,497,547,547,532,527,581,575]} 1. Nf3 d5 2. c4 d4 3. b4 c5 4. e3 dxe3 5. fxe3 cxb4 6. d4 e6 7. Bd3 {LiveBook: 7 Games. A09: Réti Opening: 1 Nf3 d5 2 c4} f5 (7... Be7 8. O-O Nf6 9. Bb2 Nbd7 10. Qe2 O-O 11. Nbd2 b6 12. Rad1 Qc7 13. Ne5 Nxe5 14. dxe5 Nd7 15. Bxh7+ Kxh7 {½-½ (26) Turner,M (2517)-Hammer,J (2647) England 2011}) 8. e4 $146 ({Predecessor:} 8. a3 Nf6 9. O-O bxa3 10. Bxa3 Bxa3 11. Rxa3 O-O 12. Nc3 Nc6 13. c5 Ng4 14. Qd2 f4 15. exf4 Nxd4 16. Bxh7+ Kxh7 17. Qxd4 Qxd4+ 18. Nxd4 {½-½ (95) Sabirov,R (2043)-Gabler,E (1992) Willingen 2016}) 8... fxe4 9. Bxe4 {White is slightly better.} Nf6 10. Bc2 Be7 11. O-O O-O 12. Qd3 (12. Bb2 $14) 12... b5 (12... Nc6 $11) 13. cxb5 $16 {And now Ng5 would win.} Bb7 $2 (13... Qb6 $16) 14. Ng5 $1 $18 {[%csl LRe6,LRh7] Hoping for Rxf6!} Qd5 {[%csl Gb7][%cal Rd5g2]} 15. Qh3 $1 {[%cal Rc2h7]} h6 $2 (15... h5) 16. Nxe6 Rf7 17. Bb3 (17. Bg6 Nbd7 $18) 17... Qd7 {[#]} 18. Nc5 (18. Bxh6 $142 $1 {[%mdl 512]} Bd5 (18... gxh6 19. Qxh6) 19. Be3) 18... Qxh3 {[%csl Gb7][%cal Rh3g2]} 19. Bxf7+ (19. gxh3 $6 Bd5 $16) 19... Kxf7 {[%csl Gb7][%cal Rh3g2]} 20. gxh3 Bc8 21. Bd2 Bxh3 {[#]} 22. Rf2 ({Worse is} 22. Bxb4 Bxf1 23. Kxf1 Nd5 $11) (22. Rf3 $1 $18 {[%cal Rf3h3]} Bg4 23. Rg3) 22... Bd7 (22... a6 $16) 23. a4 bxa3 24. Nxa3 ({Don't do} 24. Rxa3 $6 Bxb5 25. Nc3 Bc6 $16) 24... a6 $2 (24... Be8 {was called for.} 25. Rg2 (25. Re1 Nbd7 $18) 25... Nbd7) 25. Nxd7 {White is clearly winning.} Nbxd7 26. Nc4 axb5 27. Rxa8 bxc4 28. Rc8 Ke6 29. Re2+ {Precision: White = 60%, Black = 25%.} 1-0

[Event "Baltic Zonal 2018"]
[Site "Tallinn"]
[Date "2018.05.16"]
[Round "4"]
[White "Starostits, Ilmars"]
[Black "Kantans, Toms"]
[Result "1/2-1/2"]
[WhiteElo "2444"]
[BlackElo "2510"]
[Annotator "TA"]
[PlyCount "104"]
[EventDate "2018.??.??"]
[EventType "swiss"]
[EventCountry "EST"]
[SourceTitle "playchess.com"]
[Source "ChessBase"]
[SourceQuality "1"]

{[%evp 16,104,58,52,52,52,45,55,53,45,51,43,44,56,61,62,71,35,58,46,39,30,28,28,30,30,30,35,33,27,36,17,30,36,54,52,60,12,92,79,81,68,75,70,92,81,89,81,81,82,92,85,90,45,54,27,25,14,14,13,20,0,0,0,0,0,0,0,0,-11,-11,-16,-8,-13,-14,-15,0,0,0,0,0,0,0,0,0,0,0,0,0,-4,29986]} 1. e4 e5 2. Nf3 Nc6 3. Nc3 Nf6 4. d4 exd4 5. Nd5 Nxd5 6. exd5 Bb4+ 7. Bd2 Bxd2+ 8. Qxd2 Qe7+ 9. Be2 d3 {C47: Scotch Four Knights and Four Knights with 4 g3} 10. Qxd3 Ne5 11. Nxe5 Qxe5 {White is slightly better.} 12. d6 Qxd6 $146 ({Predecessor:} 12... O-O 13. O-O-O a5 14. Bf3 Ra6 15. dxc7 Qxc7 16. Kb1 d6 17. Rhe1 {0-1 (76) Antoshik,A (2145)-Kufa,P (2215) Ostrava 1995}) 13. Qxd6 cxd6 14. O-O-O Kd8 15. Bc4 f6 16. Rhe1 Re8 17. Rxe8+ Kxe8 $14 {[%mdl 4096] Endgame KRB-KRB} 18. h4 {[%cal Bh2h4,Bh4h5][%mdl 32]} b6 19. Bd3 g6 20. h5 Kf7 21. Bc4+ Kf8 22. Rxd6 Ke7 23. Rd3 Bb7 24. Rg3 gxh5 25. Rg7+ Kd6 26. Bb5 Be4 (26... Rd8 $11) 27. Rxd7+ $16 Ke6 28. f3 Bg6 {[#] ...a6 is the strong threat.} 29. Rd4 a6 30. Bc4+ Ke7 31. Kd2 Rc8 32. c3 a5 33. Ke3 Rc5 34. b4 Rc7 35. bxa5 bxa5 36. Kd2 Rb7 {The position is equal.} 37. Bb3 Rb5 38. f4 h4 39. c4 Rh5 40. Ke2 h3 41. gxh3 Rxh3 42. c5 Rc3 43. Rd6 Bf5 44. Rd5 Be6 45. Rh5 Bxb3 46. axb3 Rxb3 47. Rxh7+ $11 {KR-KR} Ke6 48. Ra7 Rb4 49. Rxa5 Rxf4 50. Ke3 Rc4 51. Kd3 Rc1 52. Kd2 Ke5 $2 {[%mdl 40960] Precision: White = 65%, Black = 66%. . An unexpected result.} (52... Rh1 $11) 1/2-1/2